Jugadores de fútbol con más títulos. - Estadísticas

Estadísticas generales
  • Esta prueba ha sido intentada 478 veces
  • La puntuación promedio es 7 de 20
Estadísticas de respuestas
Títulos Nacionalidad Jugador % Correcto
45 Argentina Lionel Messi
100%
35 Portugal Cristiano Ronaldo
87%
43 Brasil Dani Alves
79%
40 España Andrés Iniesta
77%
34 Brasil Neymar
62%
38 España Gerard Piqué
55%
35 España Sergio Busquets
44%
37 Austria David Alaba
40%
36 Gales Ryan Giggs
33%
34 Alemania Toni Kroos
32%
36 Francia Karim Benzema
31%
35 Argentina Ángel Di María
29%
36 Escocia Kenny Dalglish
15%
37 Brasil Maxwell
9%
34 Brasil Marquinhos
7%
39 Egipto Hossam Hassan
3%
37 Egipto Ibrahim Hassan
3%
35 Portugal Vitor Baía
2%
38 Egipto Hossam Ashour
1%
34 Egipto Emad Moteab
0%
No se encontraron pruebas coincidentes
Distribución de puntuación
Porcentaje de gente con cada puntuación
Porcentaje por número respondido
Historial de tus puntuaciones
No has intentado esta prueba.